<?xml version="1.0" encoding="UTF-8"?>
<record
    xmlns:xsi="http://www.w3.org/2001/XMLSchema-instance"
    xsi:schemaLocation="http://www.loc.gov/MARC21/slim http://www.loc.gov/standards/marcxml/schema/MARC21slim.xsd"
    xmlns="http://www.loc.gov/MARC21/slim">

  <leader>08311nam a22007454a 4500</leader>
  <controlfield tag="005">20040813102929.0</controlfield>
  <controlfield tag="008">080910t        xxu||||| |||| 00| 0 eng d</controlfield>
  <datafield tag="010" ind1=" " ind2=" ">
    <subfield code="a">B-270750-782</subfield>
  </datafield>
  <datafield tag="020" ind1=" " ind2=" ">
    <subfield code="a">8188148385</subfield>
    <subfield code="c">175.00</subfield>
  </datafield>
  <datafield tag="035" ind1=" " ind2=" ">
    <subfield code="a">B-270750-782</subfield>
  </datafield>
  <datafield tag="035" ind1=" " ind2=" ">
    <subfield code="a">B-284585</subfield>
  </datafield>
  <datafield tag="037" ind1=" " ind2=" ">
    <subfield code="a">Blue Berry/4464/28.5.08/41/16.5.08/5.6.08</subfield>
  </datafield>
  <datafield tag="040" ind1=" " ind2=" ">
    <subfield code="a">dpl</subfield>
    <subfield code="b">EN</subfield>
  </datafield>
  <datafield tag="082" ind1=" " ind2=" ">
    <subfield code="a">649.7</subfield>
  </datafield>
  <datafield tag="100" ind1=" " ind2=" ">
    <subfield code="a">Bloch, Douglas,</subfield>
  </datafield>
  <datafield tag="245" ind1=" " ind2=" ">
    <subfield code="a">The power of positive talk:</subfield>
    <subfield code="b">words to help every child succeed : a guide for parents, teachers, and other caring adults /</subfield>
    <subfield code="c">by Douglas Bloch with Jon Merritt.</subfield>
  </datafield>
  <datafield tag="250" ind1=" " ind2=" ">
    <subfield code="a">Rev. and updated ed.</subfield>
  </datafield>
  <datafield tag="260" ind1=" " ind2=" ">
    <subfield code="a">New Delhi</subfield>
    <subfield code="b">Dolphin Press</subfield>
    <subfield code="c">(200?)</subfield>
  </datafield>
  <datafield tag="270" ind1=" " ind2=" ">
    <subfield code="a">B-17, 2nd Floor, Lajpat Nagar, Part-2</subfield>
    <subfield code="b">New Delhi</subfield>
    <subfield code="e">110024</subfield>
  </datafield>
  <datafield tag="300" ind1=" " ind2=" ">
    <subfield code="a">xv, 358 p. </subfield>
    <subfield code="c">23 cm (pbk) </subfield>
  </datafield>
  <datafield tag="500" ind1=" " ind2=" ">
    <subfield code="a">Rev. ed. of: Positive self-talk for children. c1993.</subfield>
  </datafield>
  <datafield tag="504" ind1=" " ind2=" ">
    <subfield code="a">Includes bibliographical references and index.</subfield>
  </datafield>
  <datafield tag="650" ind1=" " ind2=" ">
    <subfield code="a">Self-esteem in children.</subfield>
  </datafield>
  <datafield tag="650" ind1=" " ind2=" ">
    <subfield code="a">Self-talk in children.</subfield>
  </datafield>
  <datafield tag="650" ind1=" " ind2=" ">
    <subfield code="a">Affirmations.</subfield>
  </datafield>
  <datafield tag="700" ind1=" " ind2=" ">
    <subfield code="a">Merritt, Jon.</subfield>
  </datafield>
  <datafield tag="942" ind1=" " ind2=" ">
    <subfield code="2">ddc</subfield>
    <subfield code="c">EN</subfield>
    <subfield code="h">649.7</subfield>
    <subfield code="m">BLO</subfield>
  </datafield>
  <datafield tag="999" ind1=" " ind2=" ">
    <subfield code="c">15466</subfield>
    <subfield code="d">15466</subfield>
  </datafield>
  <datafield tag="952" ind1=" " ind2=" ">
    <subfield code="0">0</subfield>
    <subfield code="1">0</subfield>
    <subfield code="2">ddc</subfield>
    <subfield code="4">0</subfield>
    <subfield code="7">0</subfield>
    <subfield code="8">NFIC</subfield>
    <subfield code="a">L</subfield>
    <subfield code="b">L</subfield>
    <subfield code="d">2009-01-15</subfield>
    <subfield code="e">Blue Berry/4464/28.5.08/41/16.5.08/5.6.08</subfield>
    <subfield code="g">175.00</subfield>
    <subfield code="l">5</subfield>
    <subfield code="o">649.7 BLO</subfield>
    <subfield code="p">B-270750</subfield>
    <subfield code="r">2024-07-03 00:00:00</subfield>
    <subfield code="s">2024-06-19</subfield>
    <subfield code="t">1</subfield>
    <subfield code="v">175.00</subfield>
    <subfield code="y">EN</subfield>
    <subfield code="z">Legal Case</subfield>
  </datafield>
  <datafield tag="952" ind1=" " ind2=" ">
    <subfield code="0">0</subfield>
    <subfield code="1">0</subfield>
    <subfield code="2">ddc</subfield>
    <subfield code="4">0</subfield>
    <subfield code="7">0</subfield>
    <subfield code="8">NFIC</subfield>
    <subfield code="a">BL1</subfield>
    <subfield code="b">BL1</subfield>
    <subfield code="d">2009-01-15</subfield>
    <subfield code="e">Blue Berry/4464/28.5.08/41/16.5.08/5.6.08</subfield>
    <subfield code="g">175.00</subfield>
    <subfield code="l">2</subfield>
    <subfield code="m">2</subfield>
    <subfield code="o">649.7 BLO</subfield>
    <subfield code="p">B-270751</subfield>
    <subfield code="r">2018-09-11 00:00:00</subfield>
    <subfield code="s">2018-08-28</subfield>
    <subfield code="t">1</subfield>
    <subfield code="v">175.00</subfield>
    <subfield code="w">2009-01-15</subfield>
    <subfield code="y">EN</subfield>
  </datafield>
  <datafield tag="952" ind1=" " ind2=" ">
    <subfield code="0">0</subfield>
    <subfield code="1">0</subfield>
    <subfield code="2">ddc</subfield>
    <subfield code="4">0</subfield>
    <subfield code="7">0</subfield>
    <subfield code="8">NFIC</subfield>
    <subfield code="a">KGM</subfield>
    <subfield code="b">KGM</subfield>
    <subfield code="d">2009-01-15</subfield>
    <subfield code="e">Blue Berry/4464/28.5.08/41/16.5.08/5.6.08</subfield>
    <subfield code="g">175.00</subfield>
    <subfield code="l">1</subfield>
    <subfield code="m">2</subfield>
    <subfield code="o">649.7 BLO</subfield>
    <subfield code="p">B-270752</subfield>
    <subfield code="r">2019-02-16 00:00:00</subfield>
    <subfield code="s">2019-01-10</subfield>
    <subfield code="t">1</subfield>
    <subfield code="v">175.00</subfield>
    <subfield code="w">2009-01-15</subfield>
    <subfield code="y">EN</subfield>
  </datafield>
  <datafield tag="952" ind1=" " ind2=" ">
    <subfield code="0">0</subfield>
    <subfield code="1">0</subfield>
    <subfield code="2">ddc</subfield>
    <subfield code="4">0</subfield>
    <subfield code="7">0</subfield>
    <subfield code="8">NFIC</subfield>
    <subfield code="a">PR</subfield>
    <subfield code="b">PR</subfield>
    <subfield code="d">2009-01-15</subfield>
    <subfield code="e">Blue Berry/4464/28.5.08/41/16.5.08/5.6.08</subfield>
    <subfield code="g">175.00</subfield>
    <subfield code="l">0</subfield>
    <subfield code="o">649.7 BLO</subfield>
    <subfield code="p">B-270753</subfield>
    <subfield code="r">2009-01-15 00:00:00</subfield>
    <subfield code="t">1</subfield>
    <subfield code="v">175.00</subfield>
    <subfield code="w">2009-01-15</subfield>
    <subfield code="y">EN</subfield>
  </datafield>
  <datafield tag="952" ind1=" " ind2=" ">
    <subfield code="0">4</subfield>
    <subfield code="1">0</subfield>
    <subfield code="2">ddc</subfield>
    <subfield code="4">0</subfield>
    <subfield code="7">0</subfield>
    <subfield code="8">NFIC</subfield>
    <subfield code="a">TN</subfield>
    <subfield code="b">TN</subfield>
    <subfield code="d">2009-01-15</subfield>
    <subfield code="e">Blue Berry/4464/28.5.08/41/16.5.08/5.6.08</subfield>
    <subfield code="g">175.00</subfield>
    <subfield code="l">0</subfield>
    <subfield code="o">649.7 BLO</subfield>
    <subfield code="p">B-270754</subfield>
    <subfield code="r">2009-01-15 00:00:00</subfield>
    <subfield code="t">1</subfield>
    <subfield code="v">175.00</subfield>
    <subfield code="y">EN</subfield>
  </datafield>
  <datafield tag="952" ind1=" " ind2=" ">
    <subfield code="0">0</subfield>
    <subfield code="1">0</subfield>
    <subfield code="2">ddc</subfield>
    <subfield code="4">0</subfield>
    <subfield code="7">0</subfield>
    <subfield code="8">NFIC</subfield>
    <subfield code="a">CJ</subfield>
    <subfield code="b">CJ</subfield>
    <subfield code="d">2009-01-15</subfield>
    <subfield code="e">Blue Berry/4464/28.5.08/41/16.5.08/5.6.08</subfield>
    <subfield code="g">175.00</subfield>
    <subfield code="l">0</subfield>
    <subfield code="o">649.7 BLO</subfield>
    <subfield code="p">B-270755</subfield>
    <subfield code="r">2009-01-15 00:00:00</subfield>
    <subfield code="t">1</subfield>
    <subfield code="v">175.00</subfield>
    <subfield code="w">2009-01-15</subfield>
    <subfield code="y">EN</subfield>
  </datafield>
  <datafield tag="952" ind1=" " ind2=" ">
    <subfield code="0">0</subfield>
    <subfield code="1">0</subfield>
    <subfield code="2">ddc</subfield>
    <subfield code="4">0</subfield>
    <subfield code="7">0</subfield>
    <subfield code="8">NFIC</subfield>
    <subfield code="a">DIZ</subfield>
    <subfield code="b">DIZ</subfield>
    <subfield code="d">2009-01-15</subfield>
    <subfield code="e">Blue Berry/4464/28.5.08/41/16.5.08/5.6.08</subfield>
    <subfield code="g">175.00</subfield>
    <subfield code="l">0</subfield>
    <subfield code="o">649.7 BLO</subfield>
    <subfield code="p">B-270756</subfield>
    <subfield code="r">2009-01-15 00:00:00</subfield>
    <subfield code="t">1</subfield>
    <subfield code="v">175.00</subfield>
    <subfield code="w">2009-01-15</subfield>
    <subfield code="y">EN</subfield>
  </datafield>
  <datafield tag="952" ind1=" " ind2=" ">
    <subfield code="0">0</subfield>
    <subfield code="1">0</subfield>
    <subfield code="2">ddc</subfield>
    <subfield code="4">0</subfield>
    <subfield code="7">0</subfield>
    <subfield code="8">NFIC</subfield>
    <subfield code="a">NRN</subfield>
    <subfield code="b">NRN</subfield>
    <subfield code="d">2009-01-15</subfield>
    <subfield code="e">Blue Berry/4464/28.5.08/41/16.5.08/5.6.08</subfield>
    <subfield code="g">175.00</subfield>
    <subfield code="l">0</subfield>
    <subfield code="o">649.7 BLO</subfield>
    <subfield code="p">B-270757</subfield>
    <subfield code="r">2009-01-15 00:00:00</subfield>
    <subfield code="t">1</subfield>
    <subfield code="v">175.00</subfield>
    <subfield code="w">2009-01-15</subfield>
    <subfield code="y">EN</subfield>
  </datafield>
  <datafield tag="952" ind1=" " ind2=" ">
    <subfield code="0">0</subfield>
    <subfield code="1">0</subfield>
    <subfield code="2">ddc</subfield>
    <subfield code="4">0</subfield>
    <subfield code="7">0</subfield>
    <subfield code="8">NFIC</subfield>
    <subfield code="a">ZLS</subfield>
    <subfield code="b">JP</subfield>
    <subfield code="d">2009-01-15</subfield>
    <subfield code="e">Blue Berry/4464/28.5.08/41/16.5.08/5.6.08</subfield>
    <subfield code="g">175.00</subfield>
    <subfield code="l">29</subfield>
    <subfield code="o">649.7 BLO</subfield>
    <subfield code="p">B-270758</subfield>
    <subfield code="q">2011-04-18</subfield>
    <subfield code="r">2011-04-04 00:00:00</subfield>
    <subfield code="s">2011-04-04</subfield>
    <subfield code="t">1</subfield>
    <subfield code="v">175.00</subfield>
    <subfield code="w">2009-01-15</subfield>
    <subfield code="y">EN</subfield>
  </datafield>
  <datafield tag="952" ind1=" " ind2=" ">
    <subfield code="0">0</subfield>
    <subfield code="1">0</subfield>
    <subfield code="2">ddc</subfield>
    <subfield code="4">0</subfield>
    <subfield code="7">0</subfield>
    <subfield code="8">NFIC</subfield>
    <subfield code="a">RKP</subfield>
    <subfield code="b">ZLS</subfield>
    <subfield code="d">2009-01-15</subfield>
    <subfield code="e">Blue Berry/4464/28.5.08/41/16.5.08/5.6.08</subfield>
    <subfield code="g">175.00</subfield>
    <subfield code="l">0</subfield>
    <subfield code="o">649.7 BLO</subfield>
    <subfield code="p">B-270759</subfield>
    <subfield code="r">2011-11-24 00:00:00</subfield>
    <subfield code="t">1</subfield>
    <subfield code="v">175.00</subfield>
    <subfield code="w">2009-01-15</subfield>
    <subfield code="y">EN</subfield>
    <subfield code="z">Withdrwan List Prepared List No. 99/21</subfield>
  </datafield>
  <datafield tag="952" ind1=" " ind2=" ">
    <subfield code="0">0</subfield>
    <subfield code="1">0</subfield>
    <subfield code="2">ddc</subfield>
    <subfield code="4">0</subfield>
    <subfield code="7">0</subfield>
    <subfield code="8">NFIC</subfield>
    <subfield code="a">SP</subfield>
    <subfield code="b">SP</subfield>
    <subfield code="d">2009-01-15</subfield>
    <subfield code="e">Blue Berry/4464/28.5.08/41/16.5.08/5.6.08</subfield>
    <subfield code="g">175.00</subfield>
    <subfield code="l">0</subfield>
    <subfield code="o">649.7 BLO</subfield>
    <subfield code="p">B-270760</subfield>
    <subfield code="r">2009-01-15 00:00:00</subfield>
    <subfield code="t">1</subfield>
    <subfield code="v">175.00</subfield>
    <subfield code="w">2009-01-15</subfield>
    <subfield code="y">EN</subfield>
  </datafield>
  <datafield tag="952" ind1=" " ind2=" ">
    <subfield code="0">0</subfield>
    <subfield code="1">0</subfield>
    <subfield code="2">ddc</subfield>
    <subfield code="4">0</subfield>
    <subfield code="7">0</subfield>
    <subfield code="8">NFIC</subfield>
    <subfield code="a">BL3</subfield>
    <subfield code="b">BL3</subfield>
    <subfield code="d">2009-01-15</subfield>
    <subfield code="e">Blue Berry/4464/28.5.08/41/16.5.08/5.6.08</subfield>
    <subfield code="g">175.00</subfield>
    <subfield code="l">0</subfield>
    <subfield code="o">649.7 BLO</subfield>
    <subfield code="p">B-270761</subfield>
    <subfield code="r">2009-01-15 00:00:00</subfield>
    <subfield code="t">1</subfield>
    <subfield code="v">175.00</subfield>
    <subfield code="w">2009-01-15</subfield>
    <subfield code="y">EN</subfield>
  </datafield>
  <datafield tag="952" ind1=" " ind2=" ">
    <subfield code="0">4</subfield>
    <subfield code="1">6</subfield>
    <subfield code="2">ddc</subfield>
    <subfield code="4">0</subfield>
    <subfield code="7">0</subfield>
    <subfield code="8">NFIC</subfield>
    <subfield code="a">NRR</subfield>
    <subfield code="b">NRR</subfield>
    <subfield code="d">2009-01-15</subfield>
    <subfield code="e">Blue Berry/4464/28.5.08/41/16.5.08/5.6.08</subfield>
    <subfield code="g">175.00</subfield>
    <subfield code="l">0</subfield>
    <subfield code="o">649.7 BLO</subfield>
    <subfield code="p">B-270762</subfield>
    <subfield code="r">2009-01-15 00:00:00</subfield>
    <subfield code="t">1</subfield>
    <subfield code="v">175.00</subfield>
    <subfield code="w">2009-01-15</subfield>
    <subfield code="y">EN</subfield>
  </datafield>
  <datafield tag="952" ind1=" " ind2=" ">
    <subfield code="0">0</subfield>
    <subfield code="1">0</subfield>
    <subfield code="2">ddc</subfield>
    <subfield code="4">0</subfield>
    <subfield code="7">0</subfield>
    <subfield code="8">NFIC</subfield>
    <subfield code="a">BKK</subfield>
    <subfield code="b">BKK</subfield>
    <subfield code="d">2009-01-15</subfield>
    <subfield code="e">Blue Berry/4464/28.5.08/41/16.5.08/5.6.08</subfield>
    <subfield code="g">175.00</subfield>
    <subfield code="l">0</subfield>
    <subfield code="o">649.7 BLO</subfield>
    <subfield code="p">B-270763</subfield>
    <subfield code="r">2009-01-15 00:00:00</subfield>
    <subfield code="t">1</subfield>
    <subfield code="v">175.00</subfield>
    <subfield code="w">2009-01-15</subfield>
    <subfield code="y">EN</subfield>
  </datafield>
  <datafield tag="952" ind1=" " ind2=" ">
    <subfield code="0">0</subfield>
    <subfield code="1">0</subfield>
    <subfield code="2">ddc</subfield>
    <subfield code="4">0</subfield>
    <subfield code="7">0</subfield>
    <subfield code="8">NFIC</subfield>
    <subfield code="a">NR</subfield>
    <subfield code="b">NR</subfield>
    <subfield code="d">2009-01-15</subfield>
    <subfield code="e">Blue Berry/4464/28.5.08/41/16.5.08/5.6.08</subfield>
    <subfield code="g">175.00</subfield>
    <subfield code="l">0</subfield>
    <subfield code="o">649.7 BLO</subfield>
    <subfield code="p">B-270764</subfield>
    <subfield code="r">2009-01-15 00:00:00</subfield>
    <subfield code="t">1</subfield>
    <subfield code="v">175.00</subfield>
    <subfield code="w">2009-01-15</subfield>
    <subfield code="y">EN</subfield>
  </datafield>
  <datafield tag="952" ind1=" " ind2=" ">
    <subfield code="0">0</subfield>
    <subfield code="1">0</subfield>
    <subfield code="2">ddc</subfield>
    <subfield code="4">0</subfield>
    <subfield code="7">0</subfield>
    <subfield code="8">NFIC</subfield>
    <subfield code="a">BN</subfield>
    <subfield code="b">BN</subfield>
    <subfield code="d">2009-01-15</subfield>
    <subfield code="e">Blue Berry/4464/28.5.08/41/16.5.08/5.6.08</subfield>
    <subfield code="g">175.00</subfield>
    <subfield code="l">3</subfield>
    <subfield code="m">0</subfield>
    <subfield code="o">649.7 BLO</subfield>
    <subfield code="p">B-270765</subfield>
    <subfield code="r">2019-10-07 00:00:00</subfield>
    <subfield code="s">2019-10-03</subfield>
    <subfield code="t">1</subfield>
    <subfield code="v">175.00</subfield>
    <subfield code="w">2009-01-15</subfield>
    <subfield code="y">EN</subfield>
  </datafield>
  <datafield tag="952" ind1=" " ind2=" ">
    <subfield code="0">0</subfield>
    <subfield code="1">0</subfield>
    <subfield code="2">ddc</subfield>
    <subfield code="4">0</subfield>
    <subfield code="7">0</subfield>
    <subfield code="8">NFIC</subfield>
    <subfield code="a">KV</subfield>
    <subfield code="b">KV</subfield>
    <subfield code="d">2009-01-15</subfield>
    <subfield code="e">Blue Berry/4464/28.5.08/41/16.5.08/5.6.08</subfield>
    <subfield code="g">175.00</subfield>
    <subfield code="l">0</subfield>
    <subfield code="o">649.7 BLO</subfield>
    <subfield code="p">B-270766</subfield>
    <subfield code="r">2009-01-15 00:00:00</subfield>
    <subfield code="t">1</subfield>
    <subfield code="v">175.00</subfield>
    <subfield code="w">2009-01-15</subfield>
    <subfield code="y">EN</subfield>
  </datafield>
  <datafield tag="952" ind1=" " ind2=" ">
    <subfield code="0">0</subfield>
    <subfield code="1">0</subfield>
    <subfield code="2">ddc</subfield>
    <subfield code="4">0</subfield>
    <subfield code="7">0</subfield>
    <subfield code="8">NFIC</subfield>
    <subfield code="a">MV</subfield>
    <subfield code="b">MV</subfield>
    <subfield code="d">2009-01-15</subfield>
    <subfield code="e">Blue Berry/4464/28.5.08/41/16.5.08/5.6.08</subfield>
    <subfield code="g">175.00</subfield>
    <subfield code="l">0</subfield>
    <subfield code="o">649.7 BLO</subfield>
    <subfield code="p">B-270767</subfield>
    <subfield code="r">2009-01-15 00:00:00</subfield>
    <subfield code="t">1</subfield>
    <subfield code="v">175.00</subfield>
    <subfield code="w">2009-01-15</subfield>
    <subfield code="y">EN</subfield>
  </datafield>
  <datafield tag="952" ind1=" " ind2=" ">
    <subfield code="0">0</subfield>
    <subfield code="1">0</subfield>
    <subfield code="2">ddc</subfield>
    <subfield code="4">0</subfield>
    <subfield code="7">0</subfield>
    <subfield code="8">NFIC</subfield>
    <subfield code="a">MP</subfield>
    <subfield code="b">MP</subfield>
    <subfield code="d">2009-01-15</subfield>
    <subfield code="e">Blue Berry/4464/28.5.08/41/16.5.08/5.6.08</subfield>
    <subfield code="g">175.00</subfield>
    <subfield code="l">0</subfield>
    <subfield code="o">649.7 BLO</subfield>
    <subfield code="p">B-270768</subfield>
    <subfield code="r">2009-01-15 00:00:00</subfield>
    <subfield code="t">1</subfield>
    <subfield code="v">175.00</subfield>
    <subfield code="w">2009-01-15</subfield>
    <subfield code="y">EN</subfield>
  </datafield>
  <datafield tag="952" ind1=" " ind2=" ">
    <subfield code="0">0</subfield>
    <subfield code="1">0</subfield>
    <subfield code="2">ddc</subfield>
    <subfield code="4">0</subfield>
    <subfield code="7">0</subfield>
    <subfield code="8">NFIC</subfield>
    <subfield code="a">BL4</subfield>
    <subfield code="b">BL4</subfield>
    <subfield code="d">2009-01-15</subfield>
    <subfield code="e">Blue Berry/4464/28.5.08/41/16.5.08/5.6.08</subfield>
    <subfield code="g">175.00</subfield>
    <subfield code="l">0</subfield>
    <subfield code="o">649.7 BLO</subfield>
    <subfield code="p">B-270769</subfield>
    <subfield code="r">2009-01-15 00:00:00</subfield>
    <subfield code="t">1</subfield>
    <subfield code="v">175.00</subfield>
    <subfield code="w">2009-01-15</subfield>
    <subfield code="y">EN</subfield>
  </datafield>
  <datafield tag="952" ind1=" " ind2=" ">
    <subfield code="0">0</subfield>
    <subfield code="1">0</subfield>
    <subfield code="2">ddc</subfield>
    <subfield code="4">0</subfield>
    <subfield code="7">0</subfield>
    <subfield code="8">NFIC</subfield>
    <subfield code="a">YV</subfield>
    <subfield code="b">YV</subfield>
    <subfield code="d">2009-01-15</subfield>
    <subfield code="e">Blue Berry/4464/28.5.08/41/16.5.08/5.6.08</subfield>
    <subfield code="g">175.00</subfield>
    <subfield code="l">0</subfield>
    <subfield code="o">649.7 BLO</subfield>
    <subfield code="p">B-270770</subfield>
    <subfield code="r">2009-01-15 00:00:00</subfield>
    <subfield code="t">1</subfield>
    <subfield code="v">175.00</subfield>
    <subfield code="w">2009-01-15</subfield>
    <subfield code="y">EN</subfield>
  </datafield>
  <datafield tag="952" ind1=" " ind2=" ">
    <subfield code="0">0</subfield>
    <subfield code="1">0</subfield>
    <subfield code="2">ddc</subfield>
    <subfield code="4">0</subfield>
    <subfield code="7">0</subfield>
    <subfield code="8">NFIC</subfield>
    <subfield code="a">VV</subfield>
    <subfield code="b">VV</subfield>
    <subfield code="d">2009-01-15</subfield>
    <subfield code="e">Blue Berry/4464/28.5.08/41/16.5.08/5.6.08</subfield>
    <subfield code="g">175.00</subfield>
    <subfield code="l">0</subfield>
    <subfield code="o">649.7 BLO</subfield>
    <subfield code="p">B-270771</subfield>
    <subfield code="r">2009-01-15 00:00:00</subfield>
    <subfield code="t">1</subfield>
    <subfield code="v">175.00</subfield>
    <subfield code="w">2009-01-15</subfield>
    <subfield code="y">EN</subfield>
  </datafield>
  <datafield tag="952" ind1=" " ind2=" ">
    <subfield code="0">0</subfield>
    <subfield code="1">0</subfield>
    <subfield code="2">ddc</subfield>
    <subfield code="4">0</subfield>
    <subfield code="7">0</subfield>
    <subfield code="8">NFIC</subfield>
    <subfield code="a">JE</subfield>
    <subfield code="b">JE</subfield>
    <subfield code="d">2009-01-15</subfield>
    <subfield code="e">Blue Berry/4464/28.5.08/41/16.5.08/5.6.08</subfield>
    <subfield code="g">175.00</subfield>
    <subfield code="l">0</subfield>
    <subfield code="o">649.7 BLO</subfield>
    <subfield code="p">B-270772</subfield>
    <subfield code="r">2009-01-15 00:00:00</subfield>
    <subfield code="t">1</subfield>
    <subfield code="v">175.00</subfield>
    <subfield code="w">2009-01-15</subfield>
    <subfield code="y">EN</subfield>
  </datafield>
  <datafield tag="952" ind1=" " ind2=" ">
    <subfield code="0">0</subfield>
    <subfield code="1">0</subfield>
    <subfield code="2">ddc</subfield>
    <subfield code="4">0</subfield>
    <subfield code="7">0</subfield>
    <subfield code="8">NFIC</subfield>
    <subfield code="a">RC1</subfield>
    <subfield code="b">RC1</subfield>
    <subfield code="d">2009-01-15</subfield>
    <subfield code="e">Blue Berry/4464/28.5.08/41/16.5.08/5.6.08</subfield>
    <subfield code="g">175.00</subfield>
    <subfield code="l">0</subfield>
    <subfield code="o">649.7 BLO</subfield>
    <subfield code="p">B-270773</subfield>
    <subfield code="r">2009-01-15 00:00:00</subfield>
    <subfield code="t">2</subfield>
    <subfield code="v">175.00</subfield>
    <subfield code="w">2009-01-15</subfield>
    <subfield code="y">EN</subfield>
  </datafield>
  <datafield tag="952" ind1=" " ind2=" ">
    <subfield code="0">0</subfield>
    <subfield code="1">0</subfield>
    <subfield code="2">ddc</subfield>
    <subfield code="4">0</subfield>
    <subfield code="7">0</subfield>
    <subfield code="8">NFIC</subfield>
    <subfield code="a">RC1</subfield>
    <subfield code="b">RC1</subfield>
    <subfield code="d">2009-01-15</subfield>
    <subfield code="e">Blue Berry/4464/28.5.08/41/16.5.08/5.6.08</subfield>
    <subfield code="g">175.00</subfield>
    <subfield code="l">0</subfield>
    <subfield code="o">649.7 BLO</subfield>
    <subfield code="p">B-270774</subfield>
    <subfield code="r">2009-01-15 00:00:00</subfield>
    <subfield code="t">2</subfield>
    <subfield code="v">175.00</subfield>
    <subfield code="w">2009-01-15</subfield>
    <subfield code="y">EN</subfield>
  </datafield>
  <datafield tag="952" ind1=" " ind2=" ">
    <subfield code="0">0</subfield>
    <subfield code="1">0</subfield>
    <subfield code="2">ddc</subfield>
    <subfield code="4">0</subfield>
    <subfield code="7">0</subfield>
    <subfield code="8">NFIC</subfield>
    <subfield code="a">RC3</subfield>
    <subfield code="b">RC3</subfield>
    <subfield code="d">2009-01-15</subfield>
    <subfield code="e">Blue Berry/4464/28.5.08/41/16.5.08/5.6.08</subfield>
    <subfield code="g">175.00</subfield>
    <subfield code="l">0</subfield>
    <subfield code="o">649.7 BLO</subfield>
    <subfield code="p">B-270775</subfield>
    <subfield code="r">2009-01-15 00:00:00</subfield>
    <subfield code="t">5</subfield>
    <subfield code="v">175.00</subfield>
    <subfield code="w">2009-01-15</subfield>
    <subfield code="y">EN</subfield>
  </datafield>
  <datafield tag="952" ind1=" " ind2=" ">
    <subfield code="0">0</subfield>
    <subfield code="1">0</subfield>
    <subfield code="2">ddc</subfield>
    <subfield code="4">0</subfield>
    <subfield code="7">0</subfield>
    <subfield code="8">NFIC</subfield>
    <subfield code="a">RC3</subfield>
    <subfield code="b">RC3</subfield>
    <subfield code="d">2009-01-15</subfield>
    <subfield code="e">Blue Berry/4464/28.5.08/41/16.5.08/5.6.08</subfield>
    <subfield code="g">175.00</subfield>
    <subfield code="l">0</subfield>
    <subfield code="o">649.7 BLO</subfield>
    <subfield code="p">B-270776</subfield>
    <subfield code="r">2009-01-15 00:00:00</subfield>
    <subfield code="t">5</subfield>
    <subfield code="v">175.00</subfield>
    <subfield code="w">2009-01-15</subfield>
    <subfield code="y">EN</subfield>
  </datafield>
  <datafield tag="952" ind1=" " ind2=" ">
    <subfield code="0">0</subfield>
    <subfield code="1">0</subfield>
    <subfield code="2">ddc</subfield>
    <subfield code="4">0</subfield>
    <subfield code="7">0</subfield>
    <subfield code="8">NFIC</subfield>
    <subfield code="a">RC3</subfield>
    <subfield code="b">RC3</subfield>
    <subfield code="d">2009-01-15</subfield>
    <subfield code="e">Blue Berry/4464/28.5.08/41/16.5.08/5.6.08</subfield>
    <subfield code="g">175.00</subfield>
    <subfield code="l">0</subfield>
    <subfield code="o">649.7 BLO</subfield>
    <subfield code="p">B-270777</subfield>
    <subfield code="r">2009-01-15 00:00:00</subfield>
    <subfield code="t">5</subfield>
    <subfield code="v">175.00</subfield>
    <subfield code="w">2009-01-15</subfield>
    <subfield code="y">EN</subfield>
  </datafield>
  <datafield tag="952" ind1=" " ind2=" ">
    <subfield code="0">0</subfield>
    <subfield code="1">0</subfield>
    <subfield code="2">ddc</subfield>
    <subfield code="4">0</subfield>
    <subfield code="7">0</subfield>
    <subfield code="8">NFIC</subfield>
    <subfield code="a">RC3</subfield>
    <subfield code="b">RC3</subfield>
    <subfield code="d">2009-01-15</subfield>
    <subfield code="e">Blue Berry/4464/28.5.08/41/16.5.08/5.6.08</subfield>
    <subfield code="g">175.00</subfield>
    <subfield code="l">0</subfield>
    <subfield code="o">649.7 BLO</subfield>
    <subfield code="p">B-270778</subfield>
    <subfield code="r">2009-01-15 00:00:00</subfield>
    <subfield code="t">5</subfield>
    <subfield code="v">175.00</subfield>
    <subfield code="w">2009-01-15</subfield>
    <subfield code="y">EN</subfield>
  </datafield>
  <datafield tag="952" ind1=" " ind2=" ">
    <subfield code="0">0</subfield>
    <subfield code="1">0</subfield>
    <subfield code="2">ddc</subfield>
    <subfield code="4">0</subfield>
    <subfield code="7">0</subfield>
    <subfield code="8">NFIC</subfield>
    <subfield code="a">RC3</subfield>
    <subfield code="b">RC3</subfield>
    <subfield code="d">2009-01-15</subfield>
    <subfield code="e">Blue Berry/4464/28.5.08/41/16.5.08/5.6.08</subfield>
    <subfield code="g">175.00</subfield>
    <subfield code="l">0</subfield>
    <subfield code="o">649.7 BLO</subfield>
    <subfield code="p">B-270779</subfield>
    <subfield code="r">2009-01-15 00:00:00</subfield>
    <subfield code="t">5</subfield>
    <subfield code="v">175.00</subfield>
    <subfield code="w">2009-01-15</subfield>
    <subfield code="y">EN</subfield>
  </datafield>
  <datafield tag="952" ind1=" " ind2=" ">
    <subfield code="0">0</subfield>
    <subfield code="1">0</subfield>
    <subfield code="2">ddc</subfield>
    <subfield code="4">0</subfield>
    <subfield code="7">0</subfield>
    <subfield code="8">NFIC</subfield>
    <subfield code="a">RC4</subfield>
    <subfield code="b">RC4</subfield>
    <subfield code="d">2009-01-15</subfield>
    <subfield code="e">Blue Berry/4464/28.5.08/41/16.5.08/5.6.08</subfield>
    <subfield code="g">175.00</subfield>
    <subfield code="l">0</subfield>
    <subfield code="o">649.7 BLO</subfield>
    <subfield code="p">B-270780</subfield>
    <subfield code="r">2009-01-15 00:00:00</subfield>
    <subfield code="t">3</subfield>
    <subfield code="v">175.00</subfield>
    <subfield code="w">2009-01-15</subfield>
    <subfield code="y">EN</subfield>
  </datafield>
  <datafield tag="952" ind1=" " ind2=" ">
    <subfield code="0">0</subfield>
    <subfield code="1">0</subfield>
    <subfield code="2">ddc</subfield>
    <subfield code="4">0</subfield>
    <subfield code="7">0</subfield>
    <subfield code="8">NFIC</subfield>
    <subfield code="a">RC4</subfield>
    <subfield code="b">RC4</subfield>
    <subfield code="d">2009-01-15</subfield>
    <subfield code="e">Blue Berry/4464/28.5.08/41/16.5.08/5.6.08</subfield>
    <subfield code="g">175.00</subfield>
    <subfield code="l">0</subfield>
    <subfield code="o">649.7 BLO</subfield>
    <subfield code="p">B-270781</subfield>
    <subfield code="r">2009-01-15 00:00:00</subfield>
    <subfield code="t">3</subfield>
    <subfield code="v">175.00</subfield>
    <subfield code="w">2009-01-15</subfield>
    <subfield code="y">EN</subfield>
  </datafield>
  <datafield tag="952" ind1=" " ind2=" ">
    <subfield code="0">0</subfield>
    <subfield code="1">0</subfield>
    <subfield code="2">ddc</subfield>
    <subfield code="4">0</subfield>
    <subfield code="7">0</subfield>
    <subfield code="8">NFIC</subfield>
    <subfield code="a">RC4</subfield>
    <subfield code="b">RC4</subfield>
    <subfield code="d">2009-01-15</subfield>
    <subfield code="e">Blue Berry/4464/28.5.08/41/16.5.08/5.6.08</subfield>
    <subfield code="g">175.00</subfield>
    <subfield code="l">0</subfield>
    <subfield code="o">649.7 BLO</subfield>
    <subfield code="p">B-270782</subfield>
    <subfield code="r">2009-01-15 00:00:00</subfield>
    <subfield code="t">3</subfield>
    <subfield code="v">175.00</subfield>
    <subfield code="w">2009-01-15</subfield>
    <subfield code="y">EN</subfield>
  </datafield>
  <datafield tag="952" ind1=" " ind2=" ">
    <subfield code="0">0</subfield>
    <subfield code="1">0</subfield>
    <subfield code="2">ddc</subfield>
    <subfield code="4">0</subfield>
    <subfield code="7">0</subfield>
    <subfield code="8">NFIC</subfield>
    <subfield code="a">VP</subfield>
    <subfield code="b">VP</subfield>
    <subfield code="d">2009-01-15</subfield>
    <subfield code="e">Blue Berry/4570/117/21.7.08/19.8.08</subfield>
    <subfield code="g">175.00</subfield>
    <subfield code="l">16</subfield>
    <subfield code="m">9</subfield>
    <subfield code="o">649.7 BLO</subfield>
    <subfield code="p">B-284585</subfield>
    <subfield code="r">2015-03-02 00:00:00</subfield>
    <subfield code="s">2015-02-17</subfield>
    <subfield code="t">3</subfield>
    <subfield code="v">175.00</subfield>
    <subfield code="w">2009-01-15</subfield>
    <subfield code="y">EN</subfield>
  </datafield>
</record>
